000 00657nam a22002297a 4500
005 20170124110027.0
010 _aA-242716
020 _c00.00
035 _aA-242716
037 _bCen Lib/Ret
040 _aDPL
_bEN
082 _a581.16
_bCHA
100 _aChaudhari, H.K.
_920880
245 _aElementary principles of plant breeding /
_cby H.K. chaudhari
260 _bOxford & IBH Publishing Co.
_aNew Delhi
_c1983
270 _bNew Delhi
_a66 Janpath
_e110001
300 _axv,327p.
_c19cm(Hb)
500 _aIncludes index
650 _aBotany
_9101950
650 _aPlant science
_9101951
942 _2ddc
_cEN
_h581.16
_mCHA
999 _c127572
_d127572